Statistiques concernant Les plus grandes villes francophones

Cliquez ici pour prendre le quiz!

Statistiques générales

  • Ce quiz a été pris 19 614 fois
    (8 727 depuis la dernière actualisation)
  • Le résultat moyen est 12 sur 30

Statistiques - réponses

PopulationContinentVille% Correct
11 500 000EuropeParis
96%
4 250 000AfriqueAlger
79%
1 700 000EuropeMarseille
79%
2 025 000EuropeLyon
74%
4 425 000AmériquesMontréal
68%
3 925 000AfriqueDakar
65%
2 700 000AfriqueTunis
65%
2 150 000AfriqueRabat
63%
2 750 000EuropeBruxelles
60%
15 600 000AfriqueKinshasa
59%
4 775 000AfriqueCasablanca
56%
5 450 000AfriqueBamako
51%
6 800 000AfriqueAbidjan
49%
2 400 000AfriqueBrazzaville
46%
3 825 000AfriqueYaoundé
39%
1 600 000AfriqueOran
33%
3 300 000AfriqueOuagadougou
27%
3 625 000AmériquesPort-au-Prince
25%
2 550 000AfriqueLomé
24%
2 875 000AfriqueConakry
22%
1 480 000AfriqueNiamey
22%
3 050 000AfriqueAntananarivo
21%
1 900 000AsieBeyrouth
21%
1 880 000AfriqueNdjamena
19%
3 775 000AfriqueDouala
18%
1 620 000AfriqueBangui
17%
1 890 000AfriqueKigali
12%
2 025 000AfriqueCotonou
11%
2 750 000AfriqueLubumbashi
6%
2 425 000AfriqueMbujimayi
3%

Distribution des résultats

Percentile par nombre de réponses

% des personnes avec chaque résultat

Votre développement - résultats

Vous n’avez pas pris ce quiz depuis la dernière actualisation